Oxford junior illustrated dictionary. (Record no. 591166)

000 -LEADER
fixed length control field 01442cam a2200325 i 4500
001 - CONTROL NUMBER
control field 20669584
003 - CONTROL NUMBER IDENTIFIER
control field NUST
005 - DATE AND TIME OF LATEST TRANSACTION
control field 20220817124620.0
008 - FIXED-LENGTH DATA ELEMENTS--GENERAL INFORMATION
fixed length control field 180914s2018 enka j d 000 0 eng
010 ## - LIBRARY OF CONGRESS CONTROL NUMBER
LC control number 2018288471
020 ## - INTERNATIONAL STANDARD BOOK NUMBER
International Standard Book Number 9780192767226
Qualifying information (hardcover)
020 ## - INTERNATIONAL STANDARD BOOK NUMBER
International Standard Book Number 9780192767233
Qualifying information (paperback)
040 ## - CATALOGING SOURCE
Original cataloging agency DLC
Language of cataloging eng
Transcribing agency DLC
Description conventions rda
Modifying agency DLC
042 ## - AUTHENTICATION CODE
Authentication code pcc
050 00 - LIBRARY OF CONGRESS CALL NUMBER
Classification number PE1628.5
Item number O95 2018
082 00 - DEWEY DECIMAL CLASSIFICATION NUMBER
Classification number 423, OXF
Edition number 23/eng/20220324
245 00 - TITLE STATEMENT
Title Oxford junior illustrated dictionary.
246 30 - VARYING FORM OF TITLE
Title proper/short title Junior illustrated dictionary.
264 #1 - PRODUCTION, PUBLICATION, DISTRIBUTION, MANUFACTURE, AND COPYRIGHT NOTICE
Place of production, publication, distribution, manufacture Oxford, United Kingdom :
Name of producer, publisher, distributor, manufacturer Oxford University Press,
Date of production, publication, distribution, manufacture, or copyright notice 2018.
300 ## - PHYSICAL DESCRIPTION
Extent 272 pages :
Other physical details color illustrations ;
Dimensions 26 cm.
336 ## - CONTENT TYPE
Content type term text
Content type code txt
Source rdacontent
337 ## - MEDIA TYPE
Media type term unmediated
Media type code n
Source rdamedia
338 ## - CARRIER TYPE
Carrier type term volume
Carrier type code nc
Source rdacarrier
505 ## - FORMATTED CONTENTS NOTE
Formatted contents note How to use this dictionary (Page-4), A-Z (Page-5-261), Words we use a lot (Page-262), Contractions (Page-262), Punctuation (Page-263), Grammar (Page-264), Prefixes and Suffixes (Page-265), Numbers (Page-266), Shapes (Page-267), Time (Page-268), Days, months, seasons, topics (Page-269), Fruits and vegetables (Page-270),Part of the body (272).
650 #0 - SUBJECT ADDED ENTRY--TOPICAL TERM
Topical term or geographic name entry element English language
Form subdivision Dictionaries, Juvenile.
9 (RLIN) 97779
655 #7 - INDEX TERM--GENRE/FORM
Genre/form data or focus term Dictionaries.
Source of term lcgft
9 (RLIN) 18689
906 ## - LOCAL DATA ELEMENT F, LDF (RLIN)
a 7
b cbc
c origres
d 2
e ncip
f 20
g y-gencatlg
942 ## - ADDED ENTRY ELEMENTS (KOHA)
Source of classification or shelving scheme
Koha item type Book
Holdings
Withdrawn status Lost status Source of classification or shelving scheme Damaged status Not for loan Permanent Location Current Location Shelving location Date acquired Total Checkouts Full call number Barcode Date last seen Date last checked out Price effective from Koha item type Public note
          Military College of Signals (MCS) Military College of Signals (MCS) Reference 08/17/2022 1 423, OXF MCS38450 01/10/2023 11/16/2022 08/17/2022 Book Almirah Fresh No.44, Shelf No.4
© 2023 Central Library, National University of Sciences and Technology. All Rights Reserved.